• 首页
  • 本馆介绍
  • 公告通知
  • 最新文献
  • 馆藏检索
  • 电子资源
  • 读者导购
  • 参考咨询
  • 我的图书馆
  • 登录
  • 详细信息显示
  • 放入我的书架
  • 预约/预借图书
  • 作者相关作品
  • 分类相关作品
  • 丛书相关作品
  • 出版社相关作品

书目信息

  • 表格格式
  • 工作单格式
  • 卡片格式
题名:
审计
    
 
作者: ;财政部注册会计师考试委员会办公室 编
分册:  
出版信息: 大连   东北财经大学出版社  1999
页数: 616页
开本: 19cm
丛书名:
单 册:
中图分类: F239
科图分类: 29.7128
主题词: 审计--会计师--教材 , 审计
电子资源:
ISBN: 7-81044-531-6
000 00804nam0 2200265 450
001 0199031082
005 20100713020620.0
010    @a7-81044-531-6@dCNY23.00
011    @a7-81044-531-6
100    @a19990508d1999 em y0chiy0110 ea
101 0  @achi
102    @aCN@b210000
105    @ay z 000yy
106    @ar
200 1  @a审计@9Shen Ji @f财政部注册会计师考试委员会办公室编
210    @a大连@c东北财经大学出版社@d1999
215    @a616页@d19cm
300    @a'99年度注册会计师全国统一考试指定辅导教材
606 0  @a审计@x会计师@x教材
606 0  @a审计
690    @aF239@v3
692    @a29.7128@v2
711 02 @a财政部注册会计师考试委员会办公室@9cai zheng bu zhu ce kuai ji shi kao shi wei yuan hui ban gong shi@4编
801  0 @aCN@b91MARC@c20130904
905    @aBZT@dF239@e188@f1@sF239/188
    
    审计/财政部注册会计师考试委员会办公室编.-大连:东北财经大学出版社,1999
    616页;19cm
    '99年度注册会计师全国统一考试指定辅导教材
    
    ISBN 7-81044-531-6:CNY23.00
    
●
相关链接 在五车中查询图书 在当当中查询图书 在豆瓣中查询图书


正题名:审计     索取号:F239/188         预约/预借

序号 登录号 条形码 馆藏地/架位号 状态 备注
1 2000144275   2000144275   旧书回溯/ [索取号:F239/188] 在馆    
山东省滨州职业学院图书馆 欢迎您!
大连网信软件有限公司© 版权所有